[Event "AUS-ch U10"]
[Site "Wahroonga"]
[Date "2014.01.11"]
[Round "1"]
[White "Owen, William"]
[Black "Walker, James1111"]
[Result "1/2-1/2"]
[WhiteElo "478"]
[BlackElo "326"]
[PlyCount "102"]
[EventDate "2014.01.11"]
[EventType "swiss"]
[EventRounds "9"]
[EventCountry "AUS"]
[SourceTitle "EXT 2020"]
[Source "ChessBase"]
[SourceDate "2019.10.17"]
[SourceVersion "1"]
[SourceVersionDate "2019.10.17"]
[SourceQuality "1"]

1. e4 e5 2. Nf3 Nc6 3. Nc3 Nf6 4. Bc4 d6 5. Ng5 Bg4 6. Ne2 Be7 7. Nxf7 Qd7 8. Nxh8 0-0-0 9. Ng1 Kb8 10. Ne2 Rc8 11. h3 Bh5 12. g4 Bg6 13. d3 Be8 14. Be3 Nb4 15. Qd2 Na6 16. Bxa6 bxa6 17. Qb4+ Ka8 18. Qc3 a5 19. Qxa5 Kb7 20. Qxa7+ Kc6 21. b4 Qd8 22. c4 Ra8 23. b5+ Kd7 24. Qb7 Rb8 25. Qc6+ Kc8 26. b6 Bxc6 27. Rb1 cxb6 28. 0-0 Qxh8 29. Rb2 Ra8 30. Rfb1 Kd7 31. Rxb6 Qc8 32. f3 Bd8 33. R6b2 h5 34. g5 Nh7 35. h4 Kc7 36. f4 Qg4+ 37. Kf1 Qf3+ 38. Ke1 Qh1+ 39. Kd2 Qxh4 40. fxe5 dxe5 41. c5 Nxg5 42. d4 Nxe4+ 43. Kd3 Nf2+ 44. Kc4 exd4 45. Nxd4 Ra4+ 46. Rb4 Qe7 47. Kc3 Ra3+ 48. R1b3 Rxa2 49. Rb6 Kc8 50. Nxc6 Kd7 51. Rb7+ Bc7 1/2-1/2